01917cpcaa2200349 a 4500001001300000003000400013005001700017008004100034010001700075040002400092072001200116100005700128245005100185300001600236300003600252300002200288351005400310506002200364520050000386545005400886546003600940600002100976651005500997600004601052656002501098656006101123700008501184700008501269700009801354700009801452999001701550mm2009085494DLC20260227111731.0090911|||| ||| ||| eng  amm2009085494 aDLCcDLCedacsdDLC 7aW2lcmd1 aRobinson, William E.q(William Erigena),d1814-1892.00aWilliam E. Robinson family papers,f1841-2009. a100fitems. a1fcontainer plusa1foversize. a0.4flinear feet. aArranged alphabetically by name of family member.0 aOpen to research.8 aCorrespondence, speeches, biographical material, certificates, diplomas, photographs, printed matter, and other papers of the Robinson family. Includes printed speeches of William E. Robinson (1814-1892) as U.S. representative from New York and tickets to the U.S. Senate gallery for the impeachment of Andrew Johnson. Also includes papers of Robinson's son, William Adams Robinson (1870-1920); grandson, William E. Robinson (1905-1951); and great-grandson, William Adams Robinson (1936-2007).0 aU.S. representative from New York and journalist. aCollection material in English.30aRobinson family. 0aUnited StatesxPolitics and governmenty1865-1869.10aJohnson, Andrew,d1808-1875xImpeachment. 7aJournalists.2itoamc 7aRepresentatives, U.S. CongresszNew York (State)2itoamc1 aRobinson, William Adams,d1870-1920.tWilliam Adams Robinson papers.f1877-1920.1 aRobinson, William Adams,d1936-2007.tWilliam Adams Robinson papers.f1958-2009.1 aRobinson, William E.q(William Erigena),d1814-1892.tWilliam E. Robinson papers.f1841-1886.1 aRobinson, William E.q(William Erigena),d1905-1951.tWilliam E. Robinson papers.f1921-1951. c44809d44809